Autocad 2002 companion, essentials of autocad plus solid modeling (Record no. 570486)
[ view plain ]
| 000 -LEADER | |
|---|---|
| fixed length control field | 00502nam a22001817a 4500 |
| 003 - CONTROL NUMBER IDENTIFIER | |
| control field | CEME |
| 005 - DATE AND TIME OF LATEST TRANSACTION | |
| control field | 20210628202636.0 |
| 008 - FIXED-LENGTH DATA ELEMENTS--GENERAL INFORMATION | |
| fixed length control field | 210127b xxu||||| |||| 00| 0 eng d |
| 020 ## - INTERNATIONAL STANDARD BOOK NUMBER | |
| International Standard Book Number | 0-07-252863-X |
| 040 ## - CATALOGING SOURCE | |
| Transcribing agency | . |
| 082 ## - DEWEY DECIMAL CLASSIFICATION NUMBER | |
| Classification number | 620.0042 LEA |
| 100 ## - MAIN ENTRY--PERSONAL NAME | |
| Personal name | Leach, James A |
| 9 (RLIN) | 59700 |
| 245 ## - TITLE STATEMENT | |
| Title | Autocad 2002 companion, essentials of autocad plus solid modeling |
| 260 ## - PUBLICATION, DISTRIBUTION, ETC. | |
| Place of publication, distribution, etc. | NEW YORK |
| Name of publisher, distributor, etc. | MCGRAW HILL |
| Date of publication, distribution, etc. | 2003 |
| 300 ## - PHYSICAL DESCRIPTION | |
| Extent | XXIV,696P |
| 650 ## - SUBJECT ADDED ENTRY--TOPICAL TERM | |
| Topical term or geographic name entry element | COMPUTER GRAPHICS, AUTOCAD 2002 |
| 9 (RLIN) | 60866 |
| 942 ## - ADDED ENTRY ELEMENTS (KOHA) | |
| Koha item type | Book |
| Source of classification or shelving scheme | |
| Withdrawn status | Lost status | Source of classification or shelving scheme | Damaged status | Not for loan | Permanent Location | Current Location | Shelving location | Date acquired | Full call number | Barcode | Date last seen | Price effective from | Koha item type | Public note |
|---|---|---|---|---|---|---|---|---|---|---|---|---|---|---|
| College of Electrical & Mechanical Engineering (CEME) | College of Electrical & Mechanical Engineering (CEME) | General Stacks | 07/20/2017 | 620.0042 LEA | CEME-38701 | 06/28/2021 | 06/28/2021 | Book | 4.1 |
